| 000 | 00704nam a2200241Ia 4500 | ||
|---|---|---|---|
| 003 | OSt | ||
| 005 | 20220927105033.0 | ||
| 006 | a|||||r|||| 00| 0 | ||
| 007 | ta | ||
| 008 | 220926b |||||||| |||| 00| 0 eng d | ||
| 024 | _a186522 | ||
| 037 | _cReference Collections | ||
| 040 |
_aRTL _cRTL _beng |
||
| 041 |
_2eng _aeng |
||
| 082 | _a"X9(E).2.N62<N61r, K2.5-6" | ||
| 110 |
_aBOMBAY POLYCHEM LIMITED _9369774 |
||
| 245 | 0 | _a"Annual report,1961-62." | |
| 260 |
_aBombay _bPolychem Ltd _c1962 |
||
| 300 |
_a13p. _ccm. |
||
| 700 |
_aBOMBAY POLYCHEM LIMITED _9369775 |
||
| 942 |
_h"X9(E).2.N62<N61r, K2.5-6" _cCC |
||
| 999 |
_c690402 _d690402 |
||